000
00329nam a2200145Ia 4500
005
20251222152650.0
008
251222s9999||||xx |||||||||||||| ||spa||
020
_a
8475742505
082
_a
741.5/S79
100
_a
Stevenson, Robert L.
245
0
_a
La Isla del Tesoro
250
_a
1ra. ed.
264
_b
Forum
942
_c
LIB
999
_c
28427
_d
28427